Shakespeare: the tragedies ; a collection of critical essays.

Bibliographic Details
Main Author: Leech, Clifford
Format: Book
Language:English
Published: Chicago : University of Chicago Press, [1965]
Series:Gemini books.
Subjects:

MARC

Tag First Indicator Second Indicator Subfields
LEADER 00000cam a22000001 4500
001 in00000033643
005 20151007061914.0
008 711216s1965 ilu b 00000 eng
010 |a  65017295  
035 |a (OCoLC)00711489 
035 |9 AAD3430AM 
040 |a DLC  |c DLC  |d TXA  |d UtOrBLW 
049 |a TXAM  |c [452251] 
050 0 0 |a PR2983  |b .L38 
082 0 |a 822.33 
092 |a 822.33  |b DL483s 
100 1 |a Leech, Clifford. 
245 1 0 |a Shakespeare: the tragedies ;  |b a collection of critical essays. 
264 1 |a Chicago :  |b University of Chicago Press,  |c [1965] 
300 |a xxxii, 256 pages ;  |c 21 cm. 
336 |a text  |b txt  |2 rdacontent 
337 |a unmediated  |b n  |2 rdamedia 
338 |a volume  |b nc  |2 rdacarrier 
490 1 |a Gemini books: patterns of literary criticism 
504 |a Bibliographical footnotes. 
600 1 0 |a Shakespeare, William,  |d 1564-1616  |x Tragedies. 
830 0 |a Gemini books. 
999 |a MARS 
999 f f |s acd8abdd-cefc-3a3a-8c8d-f13df6843f22  |i 641f3729-57e9-359c-8936-7a12fa23fb0c  |t 0 
952 f f |p normal  |a Texas A&M University  |b College Station  |c Sterling C. Evans Library  |d Evans: Library Stacks  |t 0  |e PR2983 .L38  |h Library of Congress classification  |i unmediated -- volume  |m A14801306260 
998 f f |a PR2983 .L38  |t 0  |l Evans: Library Stacks